| 000 | 01936nam a2200553 i 4500 | ||
|---|---|---|---|
| 001 | 24664 | ||
| 003 | KOSZ 005 | ||
| 005 | 20210311135932.0 | ||
| 008 | 970510s1995 pl a |000 0 pol | ||
| 015 | _aUWD 1995/11028 | ||
| 020 | _a8386569522 | ||
| 035 | _a991000203669705066 | ||
| 035 | _a(PL-WaBN)b10097879-48omnis_nlop | ||
| 035 | _ab10097879 | ||
| 035 | _a(OCoLC)751211456 | ||
| 035 | _a(PL)b0000001009787 | ||
| 035 | _a(EXLNZ-48OMNIS_NETWORK)9910193265305606 | ||
| 040 |
_aWA N _cWA N _dKOSZ 005/HR |
||
| 046 | _k1995 | ||
| 080 | _a621.3.049 | ||
| 080 | _a004.4 | ||
| 080 | _a(075.8) | ||
| 100 | 1 |
_aOsowski, Stanisław _d(1948- ) _eAutor |
|
| 245 | 1 | 0 |
_aAnaliza i projektowanie komputerowe obwodów z zastosowaniem języków MATLAB i PCNAP / _cStanisław Osowski, Andrzej Toboła. |
| 260 |
_aWarszawa : _bOficyna Wydawnicza Politechniki Warszawskiej, _c1995. |
||
| 300 |
_a229 s. : _brys., wykr. ; _c24 cm. |
||
| 336 |
_aTekst _btxt _2rdacontent |
||
| 337 |
_aBez urządzenia pośredniczącego _bn _2rdamedia |
||
| 338 |
_aWolumin _bnc _2rdacarrier |
||
| 380 | _aKsiążki | ||
| 388 | _a1901-2000 | ||
| 388 | _a1989-2000 | ||
| 504 | _aBibliogr. s. 228-229. | ||
| 521 | _aDla studentów II roku Wydz. Elektrycznego PW. | ||
| 650 | 7 |
_aJęzyki programowania _2DBN |
|
| 650 | 7 | _aMatlab | |
| 650 | 7 | _aPCNAP (program komputerowy) | |
| 650 | 7 |
_aSymulacja _2DBN |
|
| 650 | 7 |
_aObwód elektryczny _2DBN |
|
| 650 | 7 | _aProjektowanie | |
| 655 | 7 |
_aPodręczniki akademickie _2DBN |
|
| 658 | _aInżynieria i technika | ||
| 658 | _aInformatyka i technologie informacyjne | ||
| 700 | 1 |
_aToboła, Andrzej _eAutor |
|
| 710 | 2 |
_aOficyna Wydawnicza Politechniki Warszawskiej _4pbl |
|
| 856 |
_uhttp://koha.tu.koszalin.pl/cgi-bin/koha/opac-detail.pl?biblionumber=24664 _yKatalog online BPK |
||
| 942 |
_2UKD _cKS |
||
| 999 |
_c24664 _d24664 |
||